00882nas a2200229Ia 4500001002700000003001000027008004100037040002500078041001300103100003200116210003000148222003000178245012700208250001100335260000900346501012300355300001300478362001700491500008700508650003500595700002200630A06/R074-8515 [r000005747]IT-MiCISF161014c99999999xx |||||||||||| ||und|| aIT-MiCISFcIT-MiCISF aITALIANO aPietropolli Charmet Gustavo aMarginalità e società aMarginalità e società 0aVecchia e nuova cronicità nei modelli culturali e nelle simbolizzazioni affettive di un gruppo di operatori psichiatrici a1a ed. c1989 bCISF - Centro Internazionale Studi Famiglia - Via Giotto, 36 20145 MILANO (non commercial uses only)cCopyright 2016 app. 7-17 an. 12 [1989] a Tema: servizi, psichiatria, rapporti-operatori-utenti, burn-out, malattie-mentali aservizi alla personavarticolo a Maggiolini Alfio